Statistics for the ultimate creepypasta quiz part 2

Click here to take the quiz!

General Stats

  • This quiz has been taken 31 times
  • The average score is 4 of 15

Answer Stats

HintAnswer% Correct
little girl with teddysally
87%
kills with hachetsticci toby
70%
insane demon like creatrurezalgo
70%
horror my little ponycupcake
43%
creepy disneysuicide mouse
43%
trevor henderson classic 1siren head
30%
trevor hendrson classiccartoon cat
26%
stalks through the treesseed eater
26%
image that makes you commit suicidesmile.jpg
17%
creepy episode of the simpsonsdead bart
9%
creepy music in minecraftdisk 11
9%
the first end to the first pokemon gameburied alive
4%
similare to sonic.exe with marioi hate you
4%
undertaleno mercy
4%
creepy spongebobsquidward suicide
4%

Score Distribution

Percentile by Number Answered

Percent of People with Each Score

Your Score History

You have not taken this quiz